Jazz argentino. La música "negra" del país "blanco".

Gorde:
Xehetasun bibliografikoak
Egile nagusia: Corti, Berenice (autora)
Formatua: Ezezaguna
Hizkuntza:gaztelania
Argitaratua: Ciudad Autónoma de Buenos Aires, Argentina: Gourmet Musical Ediciones, 2015
Edizioa:1a. edición.
Gaiak:
Etiketak: Etiketa erantsi
Etiketarik gabe, Izan zaitez lehena erregistro honi etiketa jartzen!

MARC

LEADER 00000 a2200000 4500
003 CL-VaPUC
005 20250331145513.0
008 250327t2015 ||||| |||| 00| 0 spa d
999 |c 446899  |d 446897 
020 |a 978-987-3823-02-2 
040 |c Pontificia Universidad Católica de Valparaíso 
082 |2 22  |a 781.650982 COR 2015 
100 |a Corti, Berenice  |9 895954  |e autora 
245 |a Jazz argentino.  |b La música "negra" del país "blanco". 
250 |a 1a. edición. 
260 |a Ciudad Autónoma de Buenos Aires, Argentina:  |b Gourmet Musical Ediciones,  |c 2015 
300 |a 185 páginas:  |b ilustraciones. 
583 |k Yessy Díaz Vidal  |c 20250327 
650 0 |9 327019  |a Música de jazz  |v Historia y crítica  |z Argentina 
650 0 |9 356085  |a Música popular  |y Siglos 20-21  |z Argentina 
650 0 |9 897682  |a Música afroamericana  |z Argentina 
942 |2 ddc  |c BK 
952 |0 0  |1 0  |2 ddc  |4 0  |6 781_650982000000000_COR_2015  |7 0  |8 A  |9 601966  |a BIBEDU  |b BIBEDU  |d 2025-03-27  |e 3  |g 28824.00  |i 5666837  |o 781.650982 COR 2015  |p 5666837  |r 2025-03-27  |t 1  |v 28824.00  |w 2025-03-27  |y BK  |k MUS